| 000 | 01917cam a2200325 4500 | ||
|---|---|---|---|
| 001 | 2715 | ||
| 005 | 20181127165554.0 | ||
| 008 | 100827s2009 nyua b 000 d eng d | ||
| 010 | _a 2010282257 | ||
| 020 | _a0812969243 (pbk.) | ||
| 020 | _a9780812969245 (pbk.) | ||
| 020 | _a9781588368447 (ebook) | ||
| 100 | 1 |
_aShakespeare, William, _d1564-1616. |
|
| 240 | 1 | 0 |
_aKing Henry IV. _nPart 1 |
| 245 | 1 | 0 |
_aHenry IV, part 1 / _cWilliam Shakespeare ; edited by Jonathan Bate and Eric Rasmussen ; introduction by Jonathan Bate. |
| 246 | 3 | _aHenry the Fourth, part one | |
| 260 |
_aNew York : _bModern Library, _c2009. |
||
| 300 |
_axxviii, 216 p. : _bill. ; _c21 cm. |
||
| 490 | 0 | _aThe RSC Shakespeare | |
| 500 | _aElectronic copy available on RTC Cloud in "Library" folder | ||
| 504 | _aIncludes bibliographical references (p. [212]-214). | ||
| 505 | 0 | _aIntroduction. Tragical-comical-historical-pastoral ; Harry to Harry ; Honor versus instinct ; The prince as Machiavel? ; Reformation and rejection -- About the text -- Key facts -- The first part of Henry the Fourth, with the life and death of Henry surnamed Hotspur -- Textual notes -- Oaths from the quarto -- Scene-by-scene analysis -- Synopisis of Henry IV part II -- Henry IV in performance: the RSC and beyond -- Shakespeare's career in the theater -- Shakespeare's works: a chronology -- Kings and queens of England: from the history plays to Shakespeare's lifetime -- The history behind the histories: a chronology -- Further reading and viewing -- References. | |
| 600 | 0 | 0 |
_aHenry _bIV, _cKing of England, _d1367-1413 _vDrama. |
| 600 | 1 | 0 |
_aShakespeare, William, _d1564-1616. _tKing Henry IV. _nPart 1. |
| 651 | 0 |
_aGreat Britain _xKings and rulers _vDrama. |
|
| 700 | 1 | _aBate, Jonathan. | |
| 700 | 1 |
_aRasmussen, Eric, _d1960- |
|
| 710 | 2 | _aRoyal Shakespeare Company. | |
| 856 |
_a _uhttp://shakespeare.mit.edu/1henryiv/index.html _yHenry IV, part 1 _z _3 |
||
| 999 |
_c2175 _d2175 |
||